000 00360nam a2200109Ia 4500
008 171211s9999 xx 000 0 und d
245 _aSpartan Up!: A Take-No-Prisoners Guide to Overcoming Obstacles and Achieving Peak Performance in Life
245 _cJoe De Sena
260 _c2014
650 _xitness
856 _uhttp://down.ebook777.com/064/1471137686.pdf
999 _c348854
_d348854